01147nam a2200217Ia 4500008004100000020001800041050001900059100002000078245007400098250001100172260002200183300001800205500005600223505026900279650003800548700003800586952009600624952009600720952009600816999001700912121028s9999 xx 000 0 und d a970-613-182-5 aQA303 L45 1998 aLEITHOLD, Louis aEl cálculo / Louis Leithold ; traducción Fidencio Mata González a7a ed. aMéxico : Oxford axxiv, 1360 p. aIncluye índices Título original: The calculus 7 aPrólogo 1. Funciones, límites y continuidad 2. Derivada y diferenciación 3. Comportamiento de las funciones y de sus gráficas, valores extremos y aproximaciones 4. Integral definida e integración 5. Funciones logarítmicas, exponenciales, trigonométri aCálculo - Estudio y enseñanza aMata González, Fidencio, tr.Ì 00104070a14b14d2009-09-11l0oQA303 L45 1998p14 000085r2012-10-28t1w2012-10-28yLB 00104070a14b14d2009-09-11l0oQA303 L45 1998p14 000195r2012-10-28t2w2012-10-28yLB 00104070a14b14d2009-09-11l0oQA303 L45 1998p14 000196r2012-10-28t3w2012-10-28yLB c85149d85149